Ingeniería de sistemas : un enfoque interdisciplinario / Jesús Acosta Flores (Registro nro. 15441)

Detalles MARC
000 -LÍDER
fixed length control field 00449nam a2200145 4500
008 - ELEMENTOS DE LONGITUD FIJA -- INFORMACIÓN GENERAL
fixed length control field 0 2002 0a 000 0MEX
020 ## - NÚMERO INTERNACIONAL NORMALIZADO PARA LIBROS
ISBN 970-15-0768-1
050 ## - SIGNATURA TOPOGRAFICA DE LA BIBLIOTECA DEL CONGRESO (LC)
Número de Clasificación TA168 A36 2002
082 ## - NUMERO DE CLASIFICACION DECIMAL DEWEY
Número de Clasificación 658.403.2 A185i
100 ## - ASIENTO PRINCIPAL--NOMBRE PERSONAL
Nombre personal Acosta Flores, Jesús
245 ## - TÍTULO
Título Ingeniería de sistemas : un enfoque interdisciplinario / Jesús Acosta Flores
260 ## - PUBLICACIÓN, DISTRIBUCIÓN, ETC. (PIE DE IMPRENTA)
Lugar de publicación, distribución, etc. México : Alfaomega
300 ## - DESCRIPCIÓN FÍSICA
Extensión 124 p. / 23 cm.
650 ## - ASIENTO SECUNDARIO DE MATERIA - TERMINO TEMÁTICO
Término temático o nombre geográfico como elemento de entrada 1.INGENIERIA DE SISTEMAS
Existencias
No. biblioteca No. biblioteca Número de clasificación Código de barras/Número de adquisición Número de copia Tipo de material
LUIS G. INCLAN LUIS G. INCLAN 658.403.2 A185i 42589 1 Libros
LUIS G. INCLAN LUIS G. INCLAN 658.403.2 A185i 42590 2 Libros
LUIS G. INCLAN LUIS G. INCLAN 658.403.2 A185i 47100 3 Libros
Calzada Tecnológico # 27, Zacatepec, Morelos.
01(734) 343-07-23 / 343-21-10 / 343-21-11
Apdo. Postal 45 C.P 62780